000 00615nam a2200241Ia 4500
003 OSt
005 20221007071013.0
006 a|||||r|||| 00| 0
007 ta
008 221006b |||||||| |||| 00| 0 eng d
024 _a39,178
037 _cTextual
040 _aFLL
_cFLL
_beng
041 _2eng
_aeng
082 _aV2:2.N47:(Z), Q4
100 _aDas M.N.
245 0 _aLaws relating to partition
250 _a7th
260 _aKolkata
_bEastern Law House India
_c2014
300 _a98,870p
_ccm.
942 _hV2:2.N47:(Z), Q4
_cTEXL
_2CC
999 _c1142124
_d1142124